South Park Quiz - Statistics

General Stats
  • This quiz has been taken 98 times
  • The average score is 6 of 30
Answer Stats
Question Answer % Correct
Which of the boys is Bike-Curious? Butters
86%
Who kisses Kyle in "Clubhouses"? Bebe
73%
In the episode Grounded Vindaloop, who is wearing the headset? Stan
62%
What word is used to get the parents out of town? Molested
38%
What word does Eric misspell at the South Park Spelling Bee? Chair
32%
Whose paired with Craig in "Follow That Egg"? Red
30%
What is Ike caught with in "Tegridy Farms"? Vape
30%
Who outlawed drinking during the Holidays? Santa
22%
What started the pandemic? Pangolin
21%
What episode is a "remake" of the first episode? Cancelled
19%
Who has a cheese fight against Kenny? Gerald
19%
Where is Kyle sent to in "Mr. Hankey The Christmas Poo"? Mental Hospital
19%
On Mars, men were going to be milked for sperm and ____. Jokes
18%
What organ causes milk to come out of Cartman's nose? Kidney
18%
Which food place is being built in South Park: The Stick of Truth? Taco Bell
18%
What's the name of the boys' GoFundMe group? Washington Redskins
18%
Where is Eric sent instead of Hell by Jesus? Mexico
16%
Who is Jennifer Lopez? Mitch Conner
15%
Which boy almost dies in The Black Friday Trilogy? Scott
15%
Who gets Chicken Pox first? Shelly
15%
What game is Cartman playing in "Cat Orgy"? Wild Wild West
14%
After funding was cut, what did Canadian Mounties ride? Sheep
11%
What is the first song played in "Tweek x Craig"? Book of Love
7%
In the episode Turd Burglars what is the disease called? C-Diff
5%
How much does Tweek Tweak weigh? 48lbs
4%
What episode does Kyle become a chicken? Fun Times with Weapons
4%
What does Jesus refer to Scott Tenorman as? Ginger Kid
4%
What was the name of the nurse that helped save Mephesto? Nurse Goodley
4%
What's the name of the driving game Stan purchases? Cross Country Cruiser
3%
What plan fails in "The List"? Mission Cannot Possibly Fail
3%
No matching quizzes found
Score Distribution
Percent of People with Each Score
Percentile by Number Answered
Your Score History
You have not taken this quiz